[Event "Hamburg-ch Seniors 22nd"]
[Site "Hamburg"]
[Date "2015.10.30"]
[Round "3"]
[White "Funke, Hermann"]
[Black "Warneke, Perygrin"]
[Result "1-0"]
[WhiteElo "1719"]
[BlackElo "1640"]
[PlyCount "97"]
[EventDate "2015.10.28"]
[EventType "swiss"]
[EventRounds "9"]
[EventCountry "GER"]
[SourceTitle "EXT 2018"]
[Source "ChessBase"]
[SourceDate "2017.10.13"]
[SourceVersion "1"]
[SourceVersionDate "2017.10.13"]
[SourceQuality "1"]

1. e4 e6 2. d4 d5 3. e5 c5 4. c3 Nc6 5. Nf3 Qb6 6. Be2 Bd7 7. 0-0 Nge7 8. Na3 Nf5 9. Nc2 cxd4 10. cxd4 Be7 11. b3 0-0 12. Bb2 Rac8 13. g3 Nb4 14. Nce1 Bb5 15. a3 Bxe2 16. Qxe2 Nc6 17. Qd1 Na5 18. Rb1 Qxb3 19. Qxb3 Nxb3 20. Rd1 Rc4 21. Nd2 Nxd2 22. Rxd2 Rfc8 23. Ng2 Rc2 24. Rfd1 Rxd2 25. Rxd2 Bd8 26. h3 Ba5 27. Rd1 Rc2 28. Rb1 b6 29. g4 Ne7 30. Ne3 Rc6 31. f4 Bd2 32. Kf2 Bxe3+ 33. Kxe3 Rc2 34. Kd3 Rc4 35. Bc3 Ng6 36. Rf1 Nh4 37. f5 Rc6 38. Bb4 exf5 39. gxf5 a5 40. Bd2 Rc4 41. Bg5 Ng2 42. Bd2 Ra4 43. Rc1 Rxa3+ 44. Ke2 h6 45. Rc8+ Kh7 46. e6 Ra2 47. e7 Nf4+ 48. Kd1 Ra1+ 49. Rc1 1-0

[Event "Pinneberg op Seniors 15th"]
[Site "Pinneberg"]
[Date "2014.??.??"]
[Round "3"]
[White "Warneke, Perygrin"]
[Black "Stoffregen, Heinrich"]
[Result "1-0"]
[WhiteElo "1236"]
[BlackElo "1183"]
[PlyCount "87"]
[EventDate "2014.07.03"]
[EventType "swiss"]
[EventRounds "7"]
[EventCountry "GER"]
[SourceTitle "EXT 2017"]
[Source "ChessBase"]
[SourceDate "2016.10.25"]
[SourceVersion "1"]
[SourceVersionDate "2016.10.25"]
[SourceQuality "1"]

1. d4 d5 2. Nf3 h6 3. c4 dxc4 4. Qa4+ c6 5. Qxc4 b5 6. Qc2 Bb7 7. e3 Nf6 8. Be2 e6 9. Nc3 Bb4 10. a3 Bxc3+ 11. Qxc3 0-0 12. 0-0 Na6 13. b4 Rc8 14. Bb2 Ne4 15. Qc2 Qd5 16. Rad1 f5 17. Nd2 Nxd2 18. Qxd2 c5 19. Bf3 Qd7 20. Bxb7 Qxb7 21. dxc5 Nc7 22. Qd6 Rfe8 23. Qd7 e5 24. Qxf5 Nd5 25. Qe4 Rcd8 26. Rd2 Qf7 27. Rfd1 Nf6 28. Qc2 Rxd2 29. Rxd2 Qc7 30. Qd3 Qc6 31. Bxe5 Rxe5 32. Qd8+ Re8 33. Qd6 Qe4 34. Qd3 Qe5 35. h3 Qc7 36. Qxb5 Re7 37. c6 Ne4 38. Rd7 Rxd7 39. cxd7 Nd6 40. Qd5+ Nf7 41. Qe6 Qc1+ 42. Kh2 Qc7+ 43. g3 Qd8 44. Qe8+ 1-0

[Event "Hamburg Seniors op 19th"]
[Site "Hamburg"]
[Date "2012.10.31"]
[Round "8"]
[White "Warneke, Perygrin"]
[Black "Cassens, Erhard Otto"]
[Result "0-1"]
[WhiteElo "1334"]
[BlackElo "1676"]
[PlyCount "78"]
[EventDate "2012.10.24"]
[EventType "swiss"]
[EventRounds "9"]
[EventCountry "GER"]
[SourceTitle "EXT 2015"]
[Source "ChessBase"]
[SourceDate "2014.11.20"]
[SourceVersion "1"]
[SourceVersionDate "2014.11.20"]
[SourceQuality "1"]

1. d4 e6 2. c4 c6 3. Nf3 d5 4. cxd5 exd5 5. Nc3 Bd6 6. a3 Bg4 7. e3 Qc7 8. h3 Bh5 9. Be2 Nd7 10. b4 a6 11. Bb2 Ngf6 12. Rc1 Qd8 13. Qc2 Qe7 14. Nh4 Bg6 15. Bd3 Bxd3 16. Qxd3 g6 17. Nf3 Nb6 18. 0-0 Nc4 19. Qe2 0-0 20. Rfe1 a5 21. Na2 axb4 22. Nxb4 Nxa3 23. Bxa3 Rxa3 24. Nd3 Rfa8 25. Rb1 Ne4 26. Qb2 Rxd3 27. Qxb7 Qxb7 28. Rxb7 Rda3 29. Reb1 Ra2 30. R7b2 Kg7 31. Kf1 Nc3 32. Rxa2 Rxa2 33. Rc1 Ne4 34. Rxc6 Rxf2+ 35. Kg1 Re2 36. Ne5 Re1+ 37. Kh2 f6 38. Rxd6 Nxd6 39. Ng4 h5 0-1

[Event "Hamburg Seniors op 19th"]
[Site "Hamburg"]
[Date "2012.10.30"]
[Round "7"]
[White "Bobzin, Volker"]
[Black "Warneke, Perygrin"]
[Result "0-1"]
[WhiteElo "1470"]
[BlackElo "1334"]
[PlyCount "44"]
[EventDate "2012.10.24"]
[EventType "swiss"]
[EventRounds "9"]
[EventCountry "GER"]
[SourceTitle "EXT 2015"]
[Source "ChessBase"]
[SourceDate "2014.11.20"]
[SourceVersion "1"]
[SourceVersionDate "2014.11.20"]
[SourceQuality "1"]

1. d4 Nf6 2. Bf4 d5 3. e3 e6 4. Nf3 c5 5. c3 Nc6 6. Nbd2 Be7 7. h3 0-0 8. Bd3 a6 9. Qc2 h6 10. 0-0 Bd6 11. Ne5 Qe7 12. Be2 Rd8 13. a3 Qc7 14. Ndf3 c4 15. b4 b5 16. a4 Bb7 17. Nxc6 Bxc6 18. a5 Bxf4 19. exf4 Qxf4 20. Ne5 Bb7 21. g3 Qe4 22. Bf3 Qxc2 0-1

[Event "Hamburg-ch Seniors 18th"]
[Site "Hamburg"]
[Date "2011.11.02"]
[Round "5"]
[White "Warneke, Perygrin"]
[Black "Graffenberger, Marianne"]
[Result "0-1"]
[WhiteElo "1715"]
[BlackElo "1476"]
[PlyCount "56"]
[EventDate "2011.10.29"]
[EventType "swiss"]
[EventRounds "9"]
[EventCountry "GER"]
[SourceTitle "EXT 2015"]
[Source "ChessBase"]
[SourceDate "2014.11.20"]
[SourceVersion "1"]
[SourceVersionDate "2014.11.20"]
[SourceQuality "1"]

1. d4 d5 2. Nf3 Nf6 3. c4 c6 4. Nc3 Bf5 5. e3 e6 6. Be2 Be7 7. 0-0 0-0 8. b3 Nbd7 9. Bb2 Ne4 10. cxd5 Nxc3 11. Bxc3 exd5 12. Qd2 Nf6 13. Bb4 Ne4 14. Qe1 a5 15. Bxe7 Qxe7 16. a3 Rfc8 17. Qc1 c5 18. Qb2 Qf6 19. Rac1 cxd4 20. Qxd4 Rxc1 21. Qxf6 Rxf1+ 22. Bxf1 Nxf6 23. Nd4 Bd7 24. h3 Rc8 25. b4 axb4 26. axb4 Ne4 27. b5 Rc1 28. h4 Nd2 0-1

[Event "Hamburg-ch Seniors op 16th"]
[Site "Hamburg"]
[Date "2009.11.06"]
[Round "7"]
[White "Warneke, Perygrin"]
[Black "Klawitter, Bernd"]
[Result "0-1"]
[WhiteElo "1321"]
[BlackElo "1414"]
[PlyCount "146"]
[EventDate "2009.10.31"]
[EventType "swiss"]
[EventRounds "9"]
[EventCountry "GER"]
[SourceTitle "EXT 2022"]
[Source "ChessBase"]
[SourceDate "2021.10.06"]
[SourceVersion "1"]
[SourceVersionDate "2021.10.06"]
[SourceQuality "1"]

1. d4 h6 2. c4 g6 3. Nf3 Bg7 4. Nc3 c6 5. b3 d6 6. Bb2 Qc7 7. e4 Bg4 8. Be2 e5 9. d5 Ne7 10. h3 Bd7 11. 0-0 c5 12. Qc2 a5 13. a4 Na6 14. Nb5 Bxb5 15. cxb5 Nb4 16. Qc3 b6 17. Ba3 0-0 18. Bxb4 axb4 19. Qc2 Nxd5 20. Rfd1 Nc3 21. Bc4 Nxd1 22. Rxd1 Qe7 23. Nh2 Kh7 24. Nf1 g5 25. Ne3 Rfd8 26. Nf5 Qf8 27. Qd2 Ra7 28. Qd5 Bf6 29. Qc6 d5 30. Bxd5 Rxd5 31. Rxd5 Bd8 32. Rxe5 f6 33. Re6 Rc7 34. Qd6 Qxd6 35. Rxd6 Rc8 36. Kf1 c4 37. bxc4 b3 38. Rd3 b2 39. Rb3 Rxc4 40. f3 Rc1+ 41. Ke2 b1Q 42. Rxb1 Rxb1 43. Nd4 Rb4 44. Nc6 Rb2+ 45. Kf1 Bc7 46. Ne7 Bf4 47. Nd5 Ra2 48. Nxb6 Be3 49. Nd5 Bd2 50. b6 Rb2 51. Nxf6+ Kg6 52. Nd5 Ba5 53. Ne7+ Kf7 54. Nf5 Rxb6 55. Nd4 Rb4 56. Nf5 Rxa4 57. Nxh6+ Kg6 58. Ng4 Bc7 59. Ne3 Ra2 60. Nd5 Be5 61. Ne3 Bg3 62. Ng4 Ra1+ 63. Ke2 Re1+ 64. Kd3 Bf4 65. Kd4 Rg1 66. e5 Rxg2 67. e6 Re2 68. Kd5 Kg7 69. e7 Rxe7 70. Nf2 Re3 71. Kd4 Rxf3 72. Ne4 Rxh3 73. Nf2 Be3+ 0-1

[Event "Lucky op 2nd"]
[Site "Hamburg"]
[Date "1999.10.19"]
[Round "6"]
[White "Schroeter, Alexander"]
[Black "Warneke, Perygrin"]
[Result "1/2-1/2"]
[WhiteElo "1014"]
[BlackElo "1442"]
[PlyCount "97"]
[EventDate "1999.10.??"]
[EventType "swiss"]
[EventRounds "9"]
[EventCountry "GER"]
[SourceTitle "EXT 2001"]
[Source "ChessBase"]
[SourceDate "2000.11.22"]
[SourceVersion "1"]
[SourceVersionDate "2000.11.22"]
[SourceQuality "1"]

1. d4 d5 2. c4 e6 3. Nc3 c6 4. Nf3 dxc4 5. Bf4 Bb4 6. e4 b5 7. a4 a5 8. Be2 Bb7 9. 0-0 Bxc3 10. bxc3 Ne7 11. Rb1 Ba6 12. axb5 cxb5 13. Qc2 Nd7 14. Qa2 h6 15. Rb2 0-0 16. Bd6 Re8 17. Ra1 Bb7 18. Rxb5 Bxe4 19. Rxa5 Rxa5 20. Qxa5 Bd3 21. Qxd8 Rxd8 22. Bxe7 Rc8 23. Bxd3 cxd3 24. Bb4 Nf6 25. Rd1 Ra8 26. g3 Nd5 27. Rxd3 Ra1+ 28. Kg2 Nxb4 29. cxb4 Rb1 30. d5 exd5 31. Rd4 f6 32. Nd2 Rb2 33. h4 Kf7 34. Kf3 Ke6 35. Kf4 g5+ 36. hxg5 hxg5+ 37. Kg4 Ke5 38. Nf3+ Kd6 39. Kf5 Rxf2 40. Rd3 Ke7 41. b5 Kd6 42. Kxf6 g4 43. Kg5 Rxf3 44. Rd2 Rxg3 45. Rb2 Kc7 46. Kf4 Rg1 47. Ke5 Rd1 48. Kf4 Rg1 49. Ke5 1/2-1/2